Planning and place in the city : (Record no. 12059)

000 -LEADER
fixed length control field 02596cam a2200289 i 4500
003 - CONTROL NUMBER IDENTIFIER
control field OSt
005 - DATE AND TIME OF LATEST TRANSACTION
control field 20231117152657.0
008 - FIXED-LENGTH DATA ELEMENTS--GENERAL INFORMATION
fixed length control field 120626t20132013enkab b 001 0 eng
010 ## - LIBRARY OF CONGRESS CONTROL NUMBER
LC control number 2012025850
020 ## - INTERNATIONAL STANDARD BOOK NUMBER
International Standard Book Number 9780415664752
040 ## - CATALOGING SOURCE
Original cataloging agency BMSCA
041 ## - LANGUAGE CODE
Language code of text/sound track or separate title enb.
082 00 - DEWEY DECIMAL CLASSIFICATION NUMBER
Classification number 307.121
Edition number 23
Item number SEP
100 1# - MAIN ENTRY--PERSONAL NAME
Personal name Sepe, Marichela,
Relator term author.
245 10 - TITLE STATEMENT
Title Planning and place in the city :
Remainder of title mapping place identity /
Statement of responsibility, etc Marichela Sepe.
250 ## - EDITION STATEMENT
Edition statement 1 [edition]
300 ## - PHYSICAL DESCRIPTION
Extent xviii, 333 pages :
Other physical details illustrations (chiefly color), maps (chiefly color) ;
Dimensions 25 cm
504 ## - BIBLIOGRAPHY, ETC. NOTE
Bibliography, etc Includes bibliographical references (pages 314-324) and index.
520 ## - SUMMARY, ETC.
Summary, etc "Under the influence of globalization, the centres of many cities in the industrialised world are losing their place identity, the set of cultural markers that define a city's uniqueness and make it instantly recognisable. A key task for planners and residents, working together, is to preserve that unique sense of place without making the city a parody of itself. Marichela Sepe explores the preservation, reconstruction and enhancement of cultural heritage and place identity. She outlines the history of the concept of placemaking, and sets out the range of different methods of analysis and assessment that are used to help pin down the nature of place identity. This book also uses the author's own survey-based method called PlaceMaker to detect elements that do not feature in traditional mapping and identifies appropriate planning interventions. Case studies investigate cities in Europe, North America and Asia, which demonstrate how surveys and interviews can be used to draw up an analytical map of place identity. This investigative work is a crucial step in identifying cultural elements which will influence what planning decisions should be taken the future. The maps aim to establish a dialogue with local residents and support planners and administrators in making sustainable changes. The case studies are amply illustrated with survey data sheets, photos, and coloured maps. Innovative and broad-based, Planning and Place in the City lays out an approach to the identification and preservation of place identity and cultural heritage suitable for students, academics and professionals alike. "--
650 #0 - SUBJECT ADDED ENTRY--TOPICAL TERM
Topical term or geographic name as entry element City planning
General subdivision Social aspects.
650 #0 - SUBJECT ADDED ENTRY--TOPICAL TERM
Topical term or geographic name as entry element Architecture
General subdivision Human factors.
650 #0 - SUBJECT ADDED ENTRY--TOPICAL TERM
Topical term or geographic name as entry element Cultural landscapes.
650 #7 - SUBJECT ADDED ENTRY--TOPICAL TERM
Topical term or geographic name as entry element ARCHITECTURE / Urban & Land Use Planning.
Source of heading or term bisacsh
650 #7 - SUBJECT ADDED ENTRY--TOPICAL TERM
Topical term or geographic name as entry element SOCIAL SCIENCE / Human Geography.
Source of heading or term bisacsh
650 #7 - SUBJECT ADDED ENTRY--TOPICAL TERM
Topical term or geographic name as entry element SOCIAL SCIENCE / Sociology / Urban.
Source of heading or term bisacsh
942 ## - ADDED ENTRY ELEMENTS (KOHA)
Source of classification or shelving scheme
Holdings
Withdrawn status Lost status Source of classification or shelving scheme Damaged status Not for loan Permanent location Current location Date acquired Source of acquisition Cost, normal purchase price Total Checkouts Barcode Date last seen Date last borrowed Cost, replacement price Price effective from Koha item type
          BMS College of Architecture, Design and Planning BMS College of Architecture, Design and Planning 2023-11-16 10 12899.60 1 AR-PG662 2025-01-27 2025-01-09 18428.00 2023-11-16 PG Books
Copyright © 2025, The Librarian, Library and Information Centre, BMSCA D&P, Bengaluru. All Rights Reserved
web counter

Powered by Koha